000
00234nam a2200097Ia 4500
001
725707
005
20250826163414.0
008
250824s9999 xx 000 0 und d
245
0
_a
TEKİN YILDIZI
_c
ALİ SAÇIKARA
260
_b
ATLI KARINCA
999
_c
725707
_d
725707